000 01206nas a2200265 i 4500
003 DO-SdBNP
005 20260703102735.0
007 ta
008 260703e1961 dr mn|p|r||||||0| | spa d
040 _aDO-SdBNP
_bspa
_cBNPHU
_erda
041 _aspa
245 _aBrigadas dominicanas artes y letras.
_cdirigida por: Aida Cartagena Portalatín.
264 _aSanto Domingo, República Dominicana :
_bEditorial La Nación,
_c1961.
300 _avolumen :
_bilustraciones ;
_c24 cm.
310 _aMensual.
336 _atexto
_btxt
_2rdacontent
337 _asin mediación
_bn
_2rdamedia
338 _avolumen
_bnc
_2rdacarrier
362 _aAño 1. No. 1, diciembre 1961.
500 _aCatalogación basada en el: Año 1. No. 1, diciembre 1961.
520 _a"...Por primera vez, después de treinta y un años de oscurantismo politico" Brigadas Dominicanas será auténtica expresión de los ideales y aspiraciones de un grupo de poetas, escritos y artistas en la Patria dignificada por Duarte, Sánchez y Mella.
650 0 _aBrigadas dominicanas
_990473
_xArtes
_xLetras
_vPublicaciones periódicas
700 1 _aCartagena Portalatín, Aída,
_d1918-1994
_923557
_edirigido
942 _2ddc
_cISSUE
999 _c60999
_d60999